| 000 | 00675nam a2200193Ia 4500 | ||
|---|---|---|---|
| 003 | GCL | ||
| 008 | 140319s9999 xx 000 0 ara d | ||
| 040 |
_aGCL / _cGCL |
||
| 082 | 0 | 4 |
_a810.969 _bا م |
| 100 | 1 | _aاحمد عبدالعزيز | |
| 245 | 1 | 0 |
_aمصر فى المصادر الاندلسية دراسة فى نفح الطيب / _cاحمد عبدالعزيز |
| 260 |
_aالقاهرة : _bمكتبة الانجلوالمصرية ، _c1990 |
||
| 300 |
_a173 ص ؛ _c24 سم |
||
| 490 | _a | ||
| 650 | 0 | 4 | _aالادب العربى |
| 650 | 0 | 4 | _aالشعر الاندلسى |
| 650 | 0 | 4 | _aالادب المقارن المصرى والاندلسى |
| 942 |
_2ddc _cBK |
||
| 999 |
_c31647 _d31647 |
||